[Event "Sampa Chess Open - Local Piso Superior (ao lado da Renner) às 19h00"]
[Site "Shopping Metrô Tatuapé - Rua Domingos Agostim, 91, São Paulo/SP 03306-010"]
[Date "2024.02.03"]
[Round "7"]
[Board "43"]
[White "Dos Santos, Andre Vicente"]
[Black "Dionisio, Alex Monteiro"]
[Result "0-1"]
[WhiteElo "1800"]
[BlackElo "1514"]
[PlyCount "80"]
[EventDate "2024.01.29"]
[EventRounds "9"]
[EventCountry "BRA"]

1. e4 c5 2. Nf3 d6 3. d4 cxd4 4. Nxd4 Nf6 5. Nc3 a6 6. Be2 e5 7. Nb3 Be7 8. f4 Nbd7
9. O-O b5 10. fxe5 Nxe5 11. Be3 O-O 12. Bd4 Bb7 13. Rxf6 Bxf6 14. Qf1 Nd7 15. Nd5
Bxd5 16. exd5 Bxd4+ 17. Nxd4 Qf6 18. c3 Qxf1+ 19. Rxf1 Ne5 20. h3 Rac8 21. Nf5 Rc5
22. Ne3 Rcc8 23. Rf4 g6 24. Rd4 Rb8 25. Kf2 a5 26. a3 Rbc8 27. Ke1 Rce8 28. Kd2 Rc8
29. Kc2 Rb8 30. Kd2 a4 31. Kc1 Rfe8 32. Kd2 f5 33. Kc2 Nf3 34. Bxf3 Rxe3 35. Kd2
Re5 36. g3 Kg7 37. h4 h5 38. Kd3 Kf6 39. Kd2 Re7 40. Kd3 Re1  0-1

[Event "Sampa Chess Open - Local Piso Superior (ao lado da Renner) às 19h00"]
[Site "Shopping Metrô Tatuapé - Rua Domingos Agostim, 91, São Paulo/SP 03306-010"]
[Date "2024.02.03"]
[Round "7"]
[Board "44"]
[White "De Oliveira, Lucas Silva"]
[Black "Brujin, Homero"]
[Result "1-0"]
[WhiteElo "1800"]
[BlackElo "1479"]
[PlyCount "83"]
[EventDate "2024.01.29"]
[EventRounds "9"]
[EventCountry "BRA"]

1. e4 c5 2. Nf3 e6 3. d4 cxd4 4. Nxd4 d6 5. Nc3 Nf6 6. Rg1 a6 7. g4 h6 8. h4 Nbd7
9. g5 hxg5 10. hxg5 Nh5 11. g6 fxg6 12. Nxe6 Qb6 13. Nd5 Qa7 14. Ndc7+ Ke7 15. Nxa8
Qxa8 16. Rxg6 Ne5 17. Nxf8 Nf6 18. Bg5 Bg4 19. Rxg7+ Ke8 20. Qxd6 Nf3+ 21. Ke2 Nxg5+
22. Ke3 Qd8 23. Qxd8+ Kxd8 24. Rxg5 Rxf8 25. f3 Be6 26. Rd1+ Kc8 27. f4 Bd7 28. Be2
Rh8 29. Rdg1 Bc6 30. Bd3 Re8 31. Re5 Rh8 32. Rg3 Rh4 33. Reg5 Kb8 34. Rg6 Nd7 35.
e5 Nb6 36. c4 Ka7 37. e6 Nc8 38. f5 b5 39. c5 Bd5 40. Rg7+ Kb8 41. e7 Rh8 42. f6
 1-0

[Event "Sampa Chess Open - Local Piso Superior (ao lado da Renner) às 19h00"]
[Site "Shopping Metrô Tatuapé - Rua Domingos Agostim, 91, São Paulo/SP 03306-010"]
[Date "2024.02.03"]
[Round "7"]
[Board "46"]
[White "Simao, Davi Ribeiro"]
[Black "Desideri, Enzo Piuchi"]
[Result "1-0"]
[WhiteElo "1320"]
[BlackElo "1730"]
[PlyCount "141"]
[EventDate "2024.01.29"]
[EventRounds "9"]
[EventCountry "BRA"]

1. e4 c5 2. Nc3 Nc6 3. f4 g6 4. Nf3 Bg7 5. Bc4 e6 6. d3 Nge7 7. O-O O-O 8. Qe1 d5
9. Bb3 Nd4 10. Kh1 Nec6 11. exd5 exd5 12. Qd1 b5 13. Bxd5 b4 14. Bxc6 Nxc6 15. Ne4
Qe7 16. Rb1 Bb7 17. Be3 Nd4 18. Bxd4 cxd4 19. Re1 Qc7 20. Qd2 Rab8 21. Re2 Rfe8 22.
Rbe1 Bc6 23. Neg5 h6 24. Rxe8+ Bxe8 25. Ne4 a5 26. Ng3 Bc6 27. Ne5 Bxe5 28. Rxe5
f6 29. Re6 Kf7 30. Re2 f5 31. Kg1 Bd5 32. b3 h5 33. Re5 Bc6 34. Rc5 h4 35. Ne2 Rb5
36. Rc4 Qb6 37. Qe1 Rd5 38. Qxh4 Bb5 39. Rc7+ Rd7 40. Rxd7+ Bxd7 41. Qh8 Ke7 42.
Qxd4 Qxd4+ 43. Nxd4 a4 44. Kf2 Kd6 45. Ke3 Kd5 46. Nf3 a3 47. Ne5 Be8 48. g3 Kc5
49. h4 Kd5 50. g4 Ke6 51. gxf5+ Kxf5 52. d4 Ke6 53. Ke4 Kd6 54. Nd3 Bc6+ 55. Ke3
Bd7 56. Nxb4 Bf5 57. c4 Ke6 58. c5 Kd7 59. d5 Kc7 60. Kd4 Kd7 61. Ke5 Ke7 62. c6
Kd8 63. d6 Kc8 64. Kf6 Kd8 65. h5 Bc8 66. hxg6 Bd7 67. c7+ Ke8 68. g7 Be6 69. f5
Bxf5 70. g8=Q+ Kd7 71. Qd8#  1-0

[Event "Sampa Chess Open - Local Piso Superior (ao lado da Renner) às 19h00"]
[Site "Shopping Metrô Tatuapé - Rua Domingos Agostim, 91, São Paulo/SP 03306-010"]
[Date "2024.02.03"]
[Round "7"]
[Board "47"]
[White "Navarro, Gustavo Kazuo Yura"]
[Black "Sulz, Isaque Sathler"]
[Result "0-1"]
[WhiteElo "1800"]
[BlackElo "1516"]
[PlyCount "46"]
[EventDate "2024.01.29"]
[EventRounds "9"]
[EventCountry "BRA"]

1. e4 c5 2. Nf3 g6 3. d4 cxd4 4. Qxd4 Nf6 5. Nc3 Nc6 6. Qa4 d6 7. e5 dxe5 8. Nxe5
Bd7 9. Nxd7 Qxd7 10. Bb5 Bg7 11. Bxc6 bxc6 12. O-O O-O 13. Bg5 Qf5 14. Be3 Nd5 15.
Nxd5 cxd5 16. c3 e6 17. Rfd1 Rab8 18. Rab1 Bxc3 19. Bd4 Bxd4 20. Qxd4 Rfc8 21. Rdc1
Qg5 22. Rc3 h5 23. Rbc1 Qxc1+  0-1

[Event "Sampa Chess Open - Local Piso Superior (ao lado da Renner) às 19h00"]
[Site "Shopping Metrô Tatuapé - Rua Domingos Agostim, 91, São Paulo/SP 03306-010"]
[Date "2024.02.03"]
[Round "7"]
[Board "48"]
[White "Deus Filho, Joaquim De"]
[Black "Haraguchi, Melissa Mayumi Alves"]
[Result "1-0"]
[WhiteElo "1848"]
[BlackElo "1751"]
[PlyCount "63"]
[EventDate "2024.01.29"]
[EventRounds "9"]
[EventCountry "BRA"]

1. e4 e5 2. d4 exd4 3. c3 dxc3 4. Nxc3 Bc5 5. Bc4 Nc6 6. Bxf7+ Kxf7 7. Qd5+ Ke8 8.
Qxc5 d6 9. Qh5+ g6 10. Qd1 Nf6 11. Bg5 Be6 12. Nge2 Qe7 13. Nf4 Qf7 14. Nxe6 Qxe6
15. O-O Nh5 16. Nd5 Kd7 17. Qb3 Rab8 18. f3 Nd8 19. Qa4+ c6 20. Qxa7 Nf7 21. Nb6+
Kc7 22. Nd5+ Kd7 23. Nb6+ Kc7 24. Qa5 Nxg5 25. Nd5+ Kd7 26. Qc7+ Ke8 27. Qxb8+ Kf7
28. Qxh8 cxd5 29. Rac1 Nf6 30. Rc7+ Nd7 31. Qd8 Kg7 32. Qxg5  1-0

[Event "Sampa Chess Open - Local Piso Superior (ao lado da Renner) às 19h00"]
[Site "Shopping Metrô Tatuapé - Rua Domingos Agostim, 91, São Paulo/SP 03306-010"]
[Date "2024.02.03"]
[Round "7"]
[Board "50"]
[White "Re, Vinicius"]
[Black "Nicacio, Daniel Ramos"]
[Result "1-0"]
[WhiteElo "1177"]
[BlackElo "1479"]
[PlyCount "115"]
[EventDate "2024.01.29"]
[EventRounds "9"]
[EventCountry "BRA"]

1. e4 c5 2. Nf3 d6 3. d4 cxd4 4. Nxd4 a6 5. Nc3 Nf6 6. Bc4 e6 7. Bg5 Be7 8. O-O O-O
9. Nf3 h6 10. Bh4 b5 11. Bd3 Bb7 12. e5 Bxf3 13. Qxf3 Nd5 14. Bxe7 Qxe7 15. Nxd5
exd5 16. Qxd5 Nd7 17. exd6 Qe5 18. Qxe5 Nxe5 19. Rad1 Rfd8 20. Rfe1 Nd7 21. Bf5 g6
22. Bxd7 Rxd7 23. Re7 Rad8 24. Rxd7 Rxd7 25. b3 Kf8 26. c4 Ke8 27. c5 Kd8 28. c6
Ra7 29. c7+ Kd7 30. Re1 Ra8 31. Re7+ Kxd6 32. Rxf7 Ke6 33. Rg7 Kf6 34. Rd7 Rc8 35.
Rd6+ Kf7 36. Rxa6 Rxc7 37. g3 Rc5 38. a4 Rc1+ 39. Kg2 Rb1 40. axb5 Rxb3 41. Rb6 Kg7
42. h4 h5 43. f4 Rb2+ 44. Kf3 Rb3+ 45. Ke4 Rxg3 46. Ra6 Rb3 47. b6 Rb4+ 48. Ke5 Rb1
49. Kd6 Kf6 50. Kc7 Rc1+ 51. Kb7 Kf5 52. Ka7 Kxf4 53. b7 Rb1 54. Rxg6 Ra1+ 55. Ra6
Rxa6+ 56. Kxa6 Kg4 57. b8=Q Kxh4 58. Qh2+  1-0

[Event "Sampa Chess Open - Local Piso Superior (ao lado da Renner) às 19h00"]
[Site "Shopping Metrô Tatuapé - Rua Domingos Agostim, 91, São Paulo/SP 03306-010"]
[Date "2024.02.03"]
[Round "7"]
[Board "51"]
[White "Terra, Bruno De Oliveira"]
[Black "Ruvieri, Daniel Minami"]
[Result "1-0"]
[WhiteElo "1800"]
[BlackElo "1437"]
[PlyCount "59"]
[EventDate "2024.01.29"]
[EventRounds "9"]
[EventCountry "BRA"]

1. d4 Nf6 2. Bf4 e6 3. Nf3 b6 4. e3 Bb7 5. Be2 c5 6. c3 cxd4 7. exd4 Be7 8. O-O O-O
9. Nbd2 d6 10. Re1 Nbd7 11. h3 Re8 12. Bd3 Nd5 13. Bh2 Bf6 14. Bxd6 Nf8 15. Ne4 Ng6
16. Bb5 Be7 17. Bxe8 Bxd6 18. Nxd6 Qxd6 19. Bxf7+ Kxf7 20. Ng5+ Kg8 21. Rxe6 Qf4
22. Qh5 Nf8 23. Rae1 Nf6 24. Qf7+ Kh8 25. Qxb7 Rb8 26. Qxa7 N6d7 27. Re7 Qxg5 28.
Rxd7 Re8 29. Rde7 Rxe7 30. Qxe7  1-0

[Event "Sampa Chess Open - Local Piso Superior (ao lado da Renner) às 19h00"]
[Site "Shopping Metrô Tatuapé - Rua Domingos Agostim, 91, São Paulo/SP 03306-010"]
[Date "2024.02.03"]
[Round "7"]
[Board "53"]
[White "Bianchini, Marlon"]
[Black "Akamine, Isabelle Namie Nishimori"]
[Result "1-0"]
[WhiteElo "1255"]
[BlackElo "1800"]
[PlyCount "115"]
[EventDate "2024.01.29"]
[EventRounds "9"]
[EventCountry "BRA"]

1. e4 c5 2. Nf3 d6 3. Bb5+ Bd7 4. Bxd7+ Nxd7 5. d4 cxd4 6. Qxd4 Ngf6 7. c4 e6 8.
Nc3 Be7 9. O-O O-O 10. b3 Ng4 11. h3 Bf6 12. Qd3 Nge5 13. Nxe5 Bxe5 14. Bb2 Qf6 15.
Rac1 Qf4 16. g3 Qh6 17. Kg2 Nf6 18. f4 Bxc3 19. Bxc3 Qg6 20. Rce1 Rad8 21. f5 exf5
22. exf5 Qg5 23. Bd2 Qh5 24. Rf4 g6 25. Rh4 Qxf5 26. Qxf5 gxf5 27. Bg5 Ne4 28. Bxd8
Rxd8 29. Rf4 Nc3 30. a3 d5 31. Rxf5 dxc4 32. bxc4 Rd4 33. Re7 Rxc4 34. Rfxf7 Nb5
35. Rg7+ Kf8 36. Ref7+ Ke8 37. Rxb7 Nd6 38. Rbe7+ Kf8 39. Rxa7 Rc2+ 40. Kf3 Rc3+
41. Kf4 Nc8 42. Rac7 Rxa3 43. Rxh7 Kg8 44. Rhd7 Ra4+ 45. Kg5 Ra5+ 46. Kh4 Ra4+ 47.
g4 Rf4 48. Rxc8+ Rf8 49. Rxf8+ Kxf8 50. Kg5 Ke8 51. Ra7 Kd8 52. Kf6 Kc8 53. Ke6 Kb8
54. Rh7 Kc8 55. Kd6 Kb8 56. Kc6 Ka8 57. Kb6 Kb8 58. Rh8#  1-0

[Event "Sampa Chess Open - Local Piso Superior (ao lado da Renner) às 19h00"]
[Site "Shopping Metrô Tatuapé - Rua Domingos Agostim, 91, São Paulo/SP 03306-010"]
[Date "2024.02.03"]
[Round "7"]
[Board "56"]
[White "Santana, Expedito"]
[Black "De Bastiani, Tales Otavio"]
[Result "0-1"]
[WhiteElo "1408"]
[BlackElo "1800"]
[PlyCount "86"]
[EventDate "2024.01.29"]
[EventRounds "9"]
[EventCountry "BRA"]

1. d4 d5 2. Bf4 Nf6 3. Nd2 Bf5 4. e3 e6 5. Bd3 Bg6 6. Ndf3 Bd6 7. Ne5 Bxe5 8. Bxe5
Nbd7 9. Bf4 c5 10. c3 a6 11. a4 Qb6 12. Bxg6 hxg6 13. Qc2 Rc8 14. h3 cxd4 15. exd4
Qxd4 16. cxd4 Rxc2 17. Rb1 O-O 18. Nf3 Rfc8 19. O-O R8c4 20. b3 Rc8 21. Rfc1 Ne4
22. Rxc2 Rxc2 23. Rc1 Rxc1+ 24. Bxc1 Nd6 25. Nd2 Nf5 26. Nf3 Nf6 27. g4 Nd6 28. Bf4
Nde4 29. g5 Nd7 30. Nd2 Nxd2 31. Bxd2 f6 32. h4 e5 33. dxe5 fxe5 34. b4 Nb6 35. a5
Nc4 36. Bc1 d4 37. Kf1 Kf7 38. Ke2 e4 39. Bf4 Ke6 40. Bb8 Kd5 41. Ba7 d3+ 42. Kd1
Ne5 43. Bb8 Nf3  0-1

[Event "Sampa Chess Open - Local Piso Superior (ao lado da Renner) às 19h00"]
[Site "Shopping Metrô Tatuapé - Rua Domingos Agostim, 91, São Paulo/SP 03306-010"]
[Date "2024.02.03"]
[Round "8"]
[Board "1"]
[White "Flores Quillas, Diego Saul Rodri"]
[Black "Shumyatsky, Victor"]
[Result "1-0"]
[WhiteElo "2429"]
[BlackElo "2457"]
[PlyCount "121"]
[EventDate "2024.01.29"]
[EventRounds "9"]
[EventCountry "BRA"]

1. e4 e5 2. Nf3 Nc6 3. Bb5 a6 4. Ba4 Nf6 5. d4 exd4 6. e5 Ne4 7. O-O Nc5 8. Bxc6
dxc6 9. Nxd4 Ne6 10. Nf5 Qxd1 11. Rxd1 Bd7 12. Be3 O-O-O 13. Nc3 g6 14. Nh6 Bxh6
15. Bxh6 c5 16. Nd5 b5 17. c3 Bc6 18. Nf6 c4 19. f3 Nc5 20. Bg7 Rxd1+ 21. Rxd1 Rd8
22. Rxd8+ Kxd8 23. Nxh7 Nd3 24. Ng5 Ke8 25. h4 Nxb2 26. g4 Nd3 27. h5 gxh5 28. gxh5
Bd7 29. h6 Bf5 30. a3 a5 31. e6 fxe6 32. Nxe6 c5 33. Nc7+ Kd7 34. Nxb5 Kc6 35. a4
Nb2 36. Na3 Kd5 37. Kf2 Nxa4 38. Ke3 Nb2 39. Kf4 Ke6 40. Nb5 Bh7 41. Kg5 Nd1 42.
Bf8 Kd5 43. Kf6 Kc6 44. Na3 Kd5 45. Kg7 Bd3 46. h7 Bxh7 47. Kxh7 Nxc3 48. Kg6 Ne2
49. Bh6 c3 50. f4 Nxf4+ 51. Bxf4 Ke4 52. Kg5 Kd3 53. Kf5 c4 54. Ke5 c2 55. Kd5 c3
56. Kc5 Ke2 57. Nxc2 Kd1 58. Ne3+ Kd2 59. Nc4+ Kc2 60. Nxa5 Kb1 61. Kc4  1-0

[Event "Sampa Chess Open - Local Piso Superior (ao lado da Renner) às 19h00"]
[Site "Shopping Metrô Tatuapé - Rua Domingos Agostim, 91, São Paulo/SP 03306-010"]
[Date "2024.02.03"]
[Round "8"]
[Board "2"]
[White "Dos Santos Dutra, Fernando Junior Freire"]
[Black "Fier, Alexandr"]
[Result "0-1"]
[WhiteElo "2262"]
[BlackElo "2549"]
[PlyCount "94"]
[EventDate "2024.01.29"]
[EventRounds "9"]
[EventCountry "BRA"]

1. d4 Nf6 2. c4 e6 3. Nc3 Bb4 4. e3 O-O 5. Bd3 d5 6. Nge2 dxc4 7. Bxc4 c5 8. a3 Bxc3+
9. bxc3 Qc7 10. Bd3 Nc6 11. O-O e5 12. d5 e4 13. Bxe4 Nxe4 14. dxc6 Qxc6 15. f3 Nd6
16. Nf4 Nc4 17. Qd3 Be6 18. Rd1 b5 19. e4 h5 20. a4 a6 21. Nd5 Kh8 22. Ne3 Na5 23.
axb5 axb5 24. Bd2 Rad8 25. Qe2 Nb3 26. Rab1 c4 27. Be1 Rde8 28. Nc2 f5 29. e5 f4
30. Nb4 Qc7 31. Rd6 Bf5 32. Rbd1 Qc5+ 33. Bf2 Qxe5 34. Qxe5 Rxe5 35. R6d5 Rxd5 36.
Rxd5 Ra8 37. g4 Bg6 38. Nc6 Ra1+ 39. Kg2 Bd3 40. h4 Bf1+ 41. Kh2 Ra2 42. Kg1 Be2
43. Ne5 Nd2 44. Kg2 Bxf3+ 45. Nxf3 Ne4 46. Ne5 Rxf2+ 47. Kg1 f3  0-1

[Event "Sampa Chess Open - Local Piso Superior (ao lado da Renner) às 19h00"]
[Site "Shopping Metrô Tatuapé - Rua Domingos Agostim, 91, São Paulo/SP 03306-010"]
[Date "2024.02.03"]
[Round "8"]
[Board "3"]
[White "Perdomo, Leandro"]
[Black "Santiago, Yago De Moura"]
[Result "1/2-1/2"]
[WhiteElo "2382"]
[BlackElo "2467"]
[PlyCount "76"]
[EventDate "2024.01.29"]
[EventRounds "9"]
[EventCountry "BRA"]

1. d4 e6 2. c4 f5 3. Nc3 Nf6 4. Nf3 Bb4 5. Bg5 Bxc3+ 6. bxc3 h6 7. Bxf6 Qxf6 8. Qc2
d6 9. e4 Nc6 10. c5 dxc5 11. Bb5 cxd4 12. Bxc6+ bxc6 13. cxd4 O-O 14. O-O c5 15.
dxc5 e5 16. Rfe1 Kh8 17. c6 f4 18. h3 g5 19. Qc3 Re8 20. Rab1 g4 21. hxg4 Bxg4 22.
Rb5 Bxf3 23. Qxf3 Rg8 24. Reb1 Rg5 25. Rb8+ Rxb8 26. Rxb8+ Kh7 27. Re8 Qd6 28. Qb3
Rxg2+ 29. Kxg2 Qg6+ 30. Kf1 Qxe8 31. Qd5 Kg7 32. Qd7+ Qf7 33. Qg4+ Kh7 34. Qd7 Kg8
35. Qc8+ Kg7 36. Qg4+ Kh8 37. Qc8+ Kh7 38. Qd7 Kg7  1/2-1/2

[Event "Sampa Chess Open - Local Piso Superior (ao lado da Renner) às 19h00"]
[Site "Shopping Metrô Tatuapé - Rua Domingos Agostim, 91, São Paulo/SP 03306-010"]
[Date "2024.02.03"]
[Round "8"]
[Board "4"]
[White "Di Berardino, Diego Rafael"]
[Black "Fernandes De Sousa, Julio Cesar"]
[Result "1-0"]
[WhiteElo "2480"]
[BlackElo "2162"]
[PlyCount "57"]
[EventDate "2024.01.29"]
[EventRounds "9"]
[EventCountry "BRA"]

1. d4 Nf6 2. c4 e6 3. Nc3 d5 4. cxd5 exd5 5. Bg5 Nbd7 6. e3 c6 7. Bd3 Be7 8. Qc2
Nf8 9. Nge2 g6 10. O-O Ne6 11. Bh4 O-O 12. f3 c5 13. dxc5 Nxc5 14. Rad1 Be6 15. Nf4
Rc8 16. Be2 Ncd7 17. Kh1 Qc7 18. Qb1 Qa5 19. e4 dxe4 20. Nxe6 fxe6 21. Rxd7 Nxd7
22. Bxe7 Rf7 23. Bd6 exf3 24. Bxf3 Nf6 25. Re1 b5 26. h3 b4 27. Ne4 Qb6 28. Bg3 Nd5
29. Nd6  1-0

[Event "Sampa Chess Open - Local Piso Superior (ao lado da Renner) às 19h00"]
[Site "Shopping Metrô Tatuapé - Rua Domingos Agostim, 91, São Paulo/SP 03306-010"]
[Date "2024.02.03"]
[Round "8"]
[Board "5"]
[White "Batista, Renato Luiz"]
[Black "Perez Gormaz, Matias"]
[Result "0-1"]
[WhiteElo "2174"]
[BlackElo "2388"]
[PlyCount "42"]
[EventDate "2024.01.29"]
[EventRounds "9"]
[EventCountry "BRA"]

1. e4 c5 2. Nf3 d6 3. d4 cxd4 4. Nxd4 Nf6 5. f3 e5 6. Bb5+ Nbd7 7. Nb3 a6 8. Be2
b5 9. a4 bxa4 10. Rxa4 Be7 11. Be3 O-O 12. O-O Nb6 13. Ra1 d5 14. Na5 Qc7 15. exd5
Nbxd5 16. Bf2 Rd8 17. Bd3 Nf4 18. Nc4 Bf5 19. Re1 Bxd3 20. cxd3 Nxd3 21. Nb6 Rab8
 0-1

[Event "Sampa Chess Open - Local Piso Superior (ao lado da Renner) às 19h00"]
[Site "Shopping Metrô Tatuapé - Rua Domingos Agostim, 91, São Paulo/SP 03306-010"]
[Date "2024.02.03"]
[Round "8"]
[Board "6"]
[White "Do Nascimento, Christian Almeida"]
[Black "Ticona Rocabado, Licael Roderick"]
[Result "0-1"]
[WhiteElo "2123"]
[BlackElo "2350"]
[PlyCount "62"]
[EventDate "2024.01.29"]
[EventRounds "9"]
[EventCountry "BRA"]

1. e4 e6 2. d3 d5 3. Nd2 Nf6 4. Ngf3 c5 5. g3 Nc6 6. Bg2 Be7 7. O-O O-O 8. Re1 b5
9. e5 Nd7 10. Nf1 f6 11. exf6 Bxf6 12. h4 Nb6 13. c3 e5 14. Be3 Qd6 15. N1h2 Be6
16. Ng5 Bxg5 17. Bxg5 h6 18. Bd2 Bf5 19. g4 Bxd3 20. Bxh6 e4 21. Bg5 Rxf2 22. Be3
Rxb2 23. Qc1 Rc2 24. Bf4 Qf6 25. g5 Qf5 26. Qe3 Rf8 27. Bd6 Nc4 28. Qxc5 Qf2+ 29.
Qxf2 Rfxf2 30. Bh3 Nxd6 31. Ng4 Rf3  0-1

[Event "Sampa Chess Open - Local Piso Superior (ao lado da Renner) às 19h00"]
[Site "Shopping Metrô Tatuapé - Rua Domingos Agostim, 91, São Paulo/SP 03306-010"]
[Date "2024.02.03"]
[Round "8"]
[Board "7"]
[White "Gemy, Jose Daniel"]
[Black "Cueto, Jonny"]
[Result "1-0"]
[WhiteElo "2329"]
[BlackElo "2108"]
[PlyCount "59"]
[EventDate "2024.01.29"]
[EventRounds "9"]
[EventCountry "BRA"]

1. Nf3 d6 2. c4 e5 3. Nc3 Nc6 4. g3 f5 5. d3 Nf6 6. Bg2 Be7 7. O-O O-O 8. Rb1 Qe8
9. Nd5 Nxd5 10. cxd5 Nb8 11. Qc2 c5 12. b4 cxb4 13. Rxb4 Na6 14. Rb1 h6 15. Ba3 Rf7
16. Nd2 Bf8 17. Rfc1 Rc7 18. Qb3 b6 19. Rxc7 Nxc7 20. Nc4 Qg6 21. Nxe5 dxe5 22. Bxf8
Kxf8 23. Qa3+ Ke8 24. d6 e4 25. dxc7 Bb7 26. dxe4 fxe4 27. Qa4+ Bc6 28. Qxa7 Qe6
29. Qb8+ Kf7 30. Rxb6  1-0

[Event "Sampa Chess Open - Local Piso Superior (ao lado da Renner) às 19h00"]
[Site "Shopping Metrô Tatuapé - Rua Domingos Agostim, 91, São Paulo/SP 03306-010"]
[Date "2024.02.03"]
[Round "8"]
[Board "8"]
[White "De Menezes, Ricardo Fagner Dias"]
[Black "Oliveira, Silvio Eduardo"]
[Result "0-1"]
[WhiteElo "1675"]
[BlackElo "2297"]
[PlyCount "32"]
[EventDate "2024.01.29"]
[EventRounds "9"]
[EventCountry "BRA"]

1. d4 Nf6 2. c4 e6 3. Nf3 c5 4. g3 cxd4 5. Nxd4 d5 6. Bg2 e5 7. Nf3 d4 8. O-O Nc6
9. Ng5 Be7 10. a3 a5 11. Qa4 O-O 12. b4 Nd7 13. b5 Nc5 14. Qc2 d3 15. Qa2 Nd4 16.
Be3 Bxg5  0-1

[Event "Sampa Chess Open - Local Piso Superior (ao lado da Renner) às 19h00"]
[Site "Shopping Metrô Tatuapé - Rua Domingos Agostim, 91, São Paulo/SP 03306-010"]
[Date "2024.02.03"]
[Round "8"]
[Board "9"]
[White "Cunha, Lucas Aguiar"]
[Black "Passos, Marco Aurelio Novaes"]
[Result "1-0"]
[WhiteElo "2230"]
[BlackElo "1671"]
[PlyCount "67"]
[EventDate "2024.01.29"]
[EventRounds "9"]
[EventCountry "BRA"]

1. e4 e5 2. Nf3 Nc6 3. Nc3 Nf6 4. Bb5 Nd4 5. Ba4 Bc5 6. Nxe5 Qe7 7. Nd3 Nxe4 8. O-O
Nxc3 9. dxc3 Ne6 10. c4 a6 11. c3 O-O 12. b4 Ba7 13. c5 d6 14. c6 Qf6 15. Bb2 Qg5
16. Kh1 Qd5 17. f4 Nd8 18. c4 Qf5 19. Bc2 Qg4 20. cxb7 Nxb7 21. Rf3 f6 22. Qd2 Bf5
23. Nf2 Bxf2 24. h3 Qh5 25. Qd5+ Qf7 26. Qxf5 g6 27. Qe4 d5 28. Qe2 Bb6 29. c5 Ba7
30. Ba4 a5 31. Re3 Qg7 32. Bc6 Rfb8 33. Re7 Qf8 34. Qe6+  1-0

[Event "Sampa Chess Open - Local Piso Superior (ao lado da Renner) às 19h00"]
[Site "Shopping Metrô Tatuapé - Rua Domingos Agostim, 91, São Paulo/SP 03306-010"]
[Date "2024.02.03"]
[Round "8"]
[Board "10"]
[White "Matsuura, Everaldo"]
[Black "Awoki, Daniel Teidi"]
[Result "1/2-1/2"]
[WhiteElo "2410"]
[BlackElo "2152"]
[PlyCount "163"]
[EventDate "2024.01.29"]
[EventRounds "9"]
[EventCountry "BRA"]

1. e4 c5 2. Nf3 e6 3. d4 cxd4 4. Nxd4 Nc6 5. Nc3 Qc7 6. Be3 a6 7. Qd2 Nf6 8. f3 Bb4
9. a3 Be7 10. f4 d6 11. Be2 O-O 12. O-O-O Rb8 13. g4 b5 14. g5 Nd7 15. f5 b4 16.
Nxc6 Qxc6 17. axb4 Re8 18. g6 hxg6 19. fxe6 fxe6 20. Kb1 Nf8 21. h4 Rxb4 22. Nd5
Rxb2+ 23. Kxb2 exd5 24. Qxd5+ Qxd5 25. Rxd5 Bb7 26. Ra5 Bf6+ 27. Kc1 Bxe4 28. Rh2
Bxc2 29. Kxc2 Rxe3 30. Rxa6 Re4 31. Bd3 Rxh4 32. Rxh4 Bxh4 33. Bc4+ Kh7 34. Rxd6
Be7 35. Rd1 g5 36. Re1 Bb4 37. Rh1+ Kg6 38. Bd3+ Kf6 39. Rf1+ Ke6 40. Bc4+ Ke5 41.
Kb3 Bd6 42. Rd1 Be7 43. Re1+ Kf6 44. Rf1+ Ke5 45. Rf7 Bc5 46. Rxg7 Kf4 47. Kc2 g4
48. Kd3 g3 49. Bd5 Ke5 50. Kc4 Bf2 51. Re7+ Kd6 52. Re8 Nd7 53. Re6+ Kc7 54. Kb5
Nc5 55. Rc6+ Kd7 56. Kc4 Ke7 57. Kc3 Kd7 58. Rg6 Ke7 59. Kd2 Kd7 60. Ke2 Ke7 61.
Kf3 Kd7 62. Bc4 Ke7 63. Kf4 Kd7 64. Ke5 Kc7 65. Kd5 Kb7 66. Be2 Kc7 67. Bf3 Kb7 68.
Rg7+ Kb6 69. Kc4 Ka6 70. Rg6+ Ka5 71. Bg2 Ka4 72. Rb6 Ka3 73. Bc6 Ka2 74. Rb8 Ka3
75. Bd5 Be3 76. Re8 Bf2 77. Re2 Na4 78. Rc2 Nb6+ 79. Kd3 Nxd5 80. Rxf2 gxf2 81. Ke2
Kb4 82. Kxf2  1/2-1/2

[Event "Sampa Chess Open - Local Piso Superior (ao lado da Renner) às 19h00"]
[Site "Shopping Metrô Tatuapé - Rua Domingos Agostim, 91, São Paulo/SP 03306-010"]
[Date "2024.02.03"]
[Round "8"]
[Board "11"]
[White "Santos, Marcus Vinicius Moreira"]
[Black "De Albuquerque, Ian Telek C."]
[Result "0-1"]
[WhiteElo "2331"]
[BlackElo "2089"]
[PlyCount "114"]
[EventDate "2024.01.29"]
[EventRounds "9"]
[EventCountry "BRA"]

1. d4 Nf6 2. c4 g6 3. Nc3 Bg7 4. e4 d6 5. Be2 O-O 6. Be3 Nc6 7. d5 Ne5 8. Nf3 Nfg4
9. Bd2 e6 10. Nxe5 Nxe5 11. f4 Nd7 12. dxe6 fxe6 13. O-O b6 14. Qc2 Bb7 15. Rad1
Qe7 16. Bf3 Bh6 17. Be2 Rf7 18. g3 Raf8 19. Bg4 Rg7 20. h4 e5 21. Nd5 Bxd5 22. cxd5
exf4 23. Be6+ Kh8 24. Qxc7 Nc5 25. Qxe7 Rxe7 26. Bc3+ Bg7 27. Rxf4 Rxf4 28. gxf4
Bxc3 29. bxc3 Nxe4 30. f5 gxf5 31. Rf1 Nxc3 32. Rxf5 Ne2+ 33. Kf2 Nd4 34. Rf8+ Kg7
35. Rd8 Nxe6 36. dxe6 Kf6 37. Rxd6 Rxe6 38. Rd7 Re7 39. Rd8 b5 40. Rb8 a6 41. Kf3
Ke5 42. Ke3 Kd5+ 43. Kd3 Kc5 44. a3 Rg7 45. Rc8+ Kb6 46. Rh8 Rg3+ 47. Kc2 Rxa3 48.
Rxh7 Rh3 49. h5 a5 50. Rh8 Kc5 51. h6 Kb4 52. h7 a4 53. Rb8 Rxh7 54. Kb2 Rh2+ 55.
Ka1 a3 56. Rb7 Ka4 57. Kb1 b4  0-1

[Event "Sampa Chess Open - Local Piso Superior (ao lado da Renner) às 19h00"]
[Site "Shopping Metrô Tatuapé - Rua Domingos Agostim, 91, São Paulo/SP 03306-010"]
[Date "2024.02.03"]
[Round "8"]
[Board "12"]
[White "Filgueiras, Nathan Felipe"]
[Black "Pironti, Francisco Ferrari"]
[Result "1-0"]
[WhiteElo "2321"]
[BlackElo "1953"]
[PlyCount "97"]
[EventDate "2024.01.29"]
[EventRounds "9"]
[EventCountry "BRA"]

1. e4 e5 2. Nc3 d6 3. d4 exd4 4. Qxd4 Nc6 5. Qd2 g6 6. b3 Bg7 7. Bb2 Nf6 8. f3 d5
9. O-O-O dxe4 10. Qxd8+ Nxd8 11. Nd5 Bh6+ 12. Kb1 Nxd5 13. Rxd5 Be6 14. Rd1 O-O 15.
fxe4 Nc6 16. Nf3 Rfd8 17. Be2 Bg7 18. c4 Bg4 19. Rxd8+ Rxd8 20. Rd1 Rxd1+ 21. Bxd1
Nd4 22. b4 Nxf3 23. gxf3 Be6 24. Be2 g5 25. a4 h5 26. Kc2 g4 27. c5 Bh6 28. Be5 Bd7
29. Kb3 Be6+ 30. Kc3 Bd7 31. fxg4 hxg4 32. b5 Be3 33. Bd4 Bf4 34. Bg1 Kg7 35. Bc4
Kf6 36. a5 Kg5 37. b6 axb6 38. cxb6 Be5+ 39. Kd3 Kf6 40. Bd4 Bc6 41. Bxe5+ Kxe5 42.
Bd5 Kd6 43. Bxc6 Kxc6 44. bxc7 Kxc7 45. Ke3 Kc6 46. Kf4 Kb5 47. Kxg4 Kxa5 48. h4
b5 49. h5  1-0